000 00866nam a22002897a 4500
003 CHAP
005 20220817041143.0
008 971013s1992 r 00010 d
010 _a7553
011 _a8525
035 _a7754
040 _cCHAP
090 _aFolleto 14170 (1992)
110 _aNational Institute of Agricultural Botany. Cambridge, England
_980354
245 _aRecommended varieties of fodder crops
260 _aLinton, England :
_bThe Institute,
_c1992
300 _a25 p.
490 _aFarmers leaflet
_v; 1
590 _aBATCH-UPD
_b10
_c20130110
_lUCH01
_h0339
590 _aBATCH-UPD
_b10
_c20130110
_lUCH01
_h1815
590 _aCONVERSION
_b10
_c20130109
_lUCH01
_h1305
650 1 4 _aForrajes.
830 0 _aFarmers leaflet
_v; 1
_939774
901 _aBK
942 _cFOLL
949 _aFolleto 14170 (1992)
_bBC
_cFOLL
_d-17594
_eTS1
_i7754
_si
999 _c7553
_d7553